| 000 | 01740nam a22002417a 4500 | ||
|---|---|---|---|
| 999 |
_c330174 _d330174 |
||
| 003 | NUST | ||
| 005 | 20170612123015.0 | ||
| 008 | 140319t xxu||||| |||| 00| 0 eng d | ||
| 020 | _a0470129301 | ||
| 040 | _c0 | ||
| 082 | _a572 VOE | ||
| 100 |
_aDonald Voet _9777 |
||
| 245 |
_aFundamentals of Biochemistry _blife at the molecular level _cDonald Voet |
||
| 250 | _a2nd ed | ||
| 260 |
_aRawalpindi _bNational Book Foundation _c2007 |
||
| 300 | _a1130+P. | ||
| 500 | _aH.B | ||
| 942 |
_2ddc _cBK _k572 VOE |
||